Udržateľný ekonomický rast a adaptácia ako významný faktor konkurencieschopnosti v podmienkach medzinárodnej dopravy a logistiky

Ekonomický rast a jeho charakteristika. Trvalo udržateľný rozvoj. Konkurencieschopnosť v oblasti dopravy. Adaptácia, procesy adaptačné, determinanty adaptácie. Podnikateľská etika.

Salvato in:
Dettagli Bibliografici
Autore principale: Drobcová, Lenka, 1976-
Natura: Capitolo di libro
Lingua:slovacco
Soggetti:
Tags: Aggiungi Tag
Nessun Tag, puoi essere il primo ad aggiungerne!!

MARC

LEADER 00000nla a2200000 4500
001 0195866
005 20240603072035.7
041 0 |a slo 
044 |a SK 
245 1 0 |a Udržateľný ekonomický rast a adaptácia ako významný faktor konkurencieschopnosti v podmienkach medzinárodnej dopravy a logistiky  |c Lenka Drobcová 
520 |a Ekonomický rast a jeho charakteristika. Trvalo udržateľný rozvoj. Konkurencieschopnosť v oblasti dopravy. Adaptácia, procesy adaptačné, determinanty adaptácie. Podnikateľská etika. 
610 2 0 |a doprava medzinárodná 
610 2 0 |a logistika 
610 2 0 |a konkurencieschopnosť 
610 2 0 |a rozvoj trvalo udržateľný 
100 1 |a Drobcová, Lenka, 1976-